|
|
|
|
| LEADER |
00000cam a2200000 7i4500 |
| 001 |
0000093437 |
| 005 |
20231220160546.0 |
| 020 |
|
|
|a 9789670098913 (
|q (hardback))
|
| 040 |
|
|
|e rda
|
| 041 |
|
|
|a English
|
| 090 |
0 |
0 |
|a 598.209595
|b GOH
|
| 100 |
0 |
|
|a Goh,Siow Huat
|c Dato' ,
|e (author)
|
| 245 |
1 |
0 |
|a Birds of Malaysia
|c Dato' Goh Siow Huat
|
| 264 |
|
1 |
|a Batu Caves,Selangor :
|b NILAM Publication Sdn.Bhd
|c 2023
|
| 300 |
|
|
|a 120 pages :
|b colour illustration ;
|c 31 cm.
|
| 336 |
|
|
|a text
|2 rdacontent
|
| 337 |
|
|
|a unmediated
|2 rdamedia
|
| 338 |
|
|
|a volume
|2 rdacarrier
|
| 541 |
|
|
|c Purchased on 2023
|f 001515 NIL
|h RM119.00
|
| 650 |
|
0 |
|a Birds
|
| 650 |
|
0 |
|a Birds
|z Malaysia
|
| 700 |
1 |
|
|a Lee, Cheow Lim ,
|e (author)
|
| 999 |
|
|
|a 0001747436
|b Book
|c Adult Collection
|e Perbadanan Perpustakaan Awam Johor
|